[Event "Frankfurt Ch A 2018"]
[Site "Ffm-Höchst, BiKuZ"]
[Date "2018.05.07"]
[Round "2.39"]
[White "Hagel, Stephan"]
[Black "Pham, Phuong-Bao"]
[Result "1/2-1/2"]
[WhiteElo "1548"]
[BlackElo "1757"]
[PlyCount "75"]
[EventDate "2018.??.??"]
[WhiteTeam "SK Hungen"]
[BlackTeam "Frankfurter TV"]

1. e4 e5 2. Nf3 Nc6 3. Bb5 Nf6 4. O-O Nxe4 5. d4 Nd6 6. Bxc6 dxc6 7. dxe5 Nf5
8. Qxd8+ Kxd8 9. Bf4 Ne7 10. Nc3 Ng6 11. Bg5+ Ke8 12. Rad1 Bg4 13. Rd3 h6 14.
Bd2 Rd8 15. Rxd8+ Kxd8 16. Re1 Bxf3 17. gxf3 Bb4 18. a3 Ba5 19. b4 Bb6 20. f4
Nh4 21. Rd1 Nf5 22. Ne4 Ke7 23. a4 a6 24. c4 Bd4 25. Bc3 Bxc3 26. Nxc3 Rd8 27.
Rxd8 Kxd8 28. Kg2 Nd4 29. f3 Nc2 30. b5 Ne3+ 31. Kf2 Nxc4 32. bxa6 bxa6 33. Ke2
a5 34. Kd3 Nb6 35. Kd4 Kd7 36. f5 g5 37. h3 h5 38. Kc5 1/2-1/2

[Event "Frankfurt Ch A 2018"]
[Site "Ffm-Höchst, BiKuZ"]
[Date "2018.05.07"]
[Round "2.40"]
[White "Lemonidis, Christos"]
[Black "Waschke, Thomas"]
[Result "1/2-1/2"]
[WhiteElo "1739"]
[BlackElo "1531"]
[PlyCount "79"]
[EventDate "2018.??.??"]
[WhiteTeam "SC Nied"]
[BlackTeam "SC Bergen-Enkheim"]

1. e4 e5 2. Nf3 Nc6 3. d3 Nf6 4. g3 g6 5. Bg2 Bg7 6. O-O d6 7. c3 O-O 8. Nbd2
Bd7 9. h3 Qc8 10. Kh2 Re8 11. Nc4 h6 12. Ne3 Nd8 13. Bd2 Bb5 14. Qc2 c5 15. c4
Bc6 16. Nd5 Nxd5 17. exd5 Bd7 18. Rae1 f5 19. Re2 Nf7 20. Rfe1 Qc7 21. Qc1 Rab8
22. Nh4 g5 23. Nf3 Bf6 24. Bc3 b5 25. b3 b4 26. Ba1 Qd8 27. Nd2 a5 28. f3 Ra8
29. g4 Qc8 30. gxf5 Bxf5 31. Ne4 Bg7 32. Qd2 Qd7 33. Ng3 Bg6 34. Rh1 a4 35. Bb2
axb3 36. axb3 Ra2 37. Qd1 Rea8 38. Kg1 Qe7 39. Bf1 Qf6 40. Bg2 1/2-1/2

[Event "Frankfurt Ch A 2018"]
[Site "Ffm-Höchst, BiKuZ"]
[Date "2018.05.07"]
[Round "2.41"]
[White "Hitzer, Dieter"]
[Black "Both, Günter"]
[Result "1-0"]
[WhiteElo "1725"]
[BlackElo "1523"]
[PlyCount "47"]
[EventDate "2018.??.??"]
[WhiteTeam "Bad Vilbeler Sfr"]
[BlackTeam "SK Bischofsheim"]

1. Nf3 Nf6 2. c4 c5 3. Nc3 Nc6 4. g3 g6 5. Bg2 Bg7 6. O-O O-O 7. d4 cxd4 8.
Nxd4 a6 9. c5 e5 10. Nb3 b5 11. cxb6 Qxb6 12. Be3 Qd8 13. Qd2 Rb8 14. Rfd1 Bb7
15. Bc5 Re8 16. Bd6 Rc8 17. Na4 Nd4 18. Bxb7 Nxb3 19. axb3 Bf8 20. Bxc8 Qxc8
21. Rac1 Qb7 22. Nc5 Qb5 23. Bxf8 Kxf8 24. Qd3 1-0

[Event "Frankfurt Ch A 2018"]
[Site "Ffm-Höchst, BiKuZ"]
[Date "2018.05.07"]
[Round "2.43"]
[White "Rauscher, Joachim"]
[Black "Popp, Matthias"]
[Result "1/2-1/2"]
[WhiteElo "1712"]
[BlackElo "1516"]
[PlyCount "110"]
[EventDate "2018.??.??"]
[WhiteTeam "SC Brett vorm Kopp"]
[BlackTeam "SC Bergen-Enkheim"]

1. e4 c5 2. Nf3 Nc6 3. d4 cxd4 4. Nxd4 e5 5. Nb5 d6 6. N1c3 a6 7. Na3 b5 8. Nd5
Nf6 9. Bg5 Be7 10. Bxf6 Bxf6 11. c3 O-O 12. Nc2 Bg5 13. a4 Rb8 14. axb5 axb5
15. Bd3 f5 16. Qe2 fxe4 17. Bxb5 Ne7 18. Bc4 Nxd5 19. Bxd5+ Kh8 20. Rb1 Qa5 21.
Bxe4 Qxc3+ 22. Kf1 Rxb2 23. Rxb2 Qxb2 24. Bd3 Qc1+ 25. Qe1 Bf5 26. Bxf5 Rxf5
27. Qxc1 Bxc1 28. Ke2 Bg5 29. Rd1 Be7 30. Ne3 Rh5 31. h3 Kg8 32. Nd5 Kf7 33.
Rb1 Ke6 34. Ne3 Rh4 35. Rb7 Bf6 36. Rb6 Re4 37. f3 Rd4 38. Nc2 Ra4 39. Kd3 Kd5
40. Rb3 Kc5 41. Rc3+ Kd5 42. Rb3 Ke6 43. Rb6 Ra2 44. Rc6 Rb2 45. Ne3 Rf2 46.
Rc4 h5 47. Rc7 Be7 48. Rb7 Bf6 49. Rb6 g6 50. Rc6 Be7 51. Rc7 Bg5 52. Rg7 Kf6
53. Rd7 Bxe3 54. Rxd6+ Kf5 55. g4+ hxg4 1/2-1/2

[Event "Frankfurt Ch A 2018"]
[Site "Ffm-Höchst, BiKuZ"]
[Date "2018.05.07"]
[Round "2.44"]
[White "Stuhlmann, Florian"]
[Black "Markulic, Petar"]
[Result "1-0"]
[WhiteElo "1699"]
[BlackElo "1502"]
[PlyCount "65"]
[EventDate "2018.??.??"]
[WhiteTeam "SC Lindenholzhausen"]
[BlackTeam "SF Frankfurt"]

1. d4 d5 2. c4 e6 3. Nc3 Nf6 4. cxd5 exd5 5. Bg5 Be7 6. e3 O-O 7. Bd3 h6 8. Bh4
Bg4 9. f3 Be6 10. Nge2 Nh7 11. Bf2 Bh4 12. Ng3 f5 13. Qc2 Qd7 14. O-O Nc6 15.
a3 a6 16. Rae1 Rf7 17. Na4 Be7 18. Nc5 Bxc5 19. Qxc5 b6 20. Qc2 Nf6 21. Nxf5
Ne7 22. Nxe7+ Rxe7 23. e4 dxe4 24. fxe4 a5 25. d5 Bg4 26. a4 Rf8 27. Bb5 Qc8
28. Bh4 g5 29. Bg3 h5 30. Bc4 Kg7 31. Qc3 Kg6 32. Bd3 Kh6 33. Rxf6+ 1-0

[Event "Frankfurt Ch A 2018"]
[Site "Ffm-Höchst, BiKuZ"]
[Date "2018.05.07"]
[Round "2.45"]
[White "Breitbach, Stephan"]
[Black "Weiland, Thomas"]
[Result "0-1"]
[WhiteElo "1524"]
[BlackElo "1697"]
[PlyCount "80"]
[EventDate "2018.??.??"]
[WhiteTeam "SC Landskrone"]
[BlackTeam "SV Oberursel"]

1. d4 c6 2. c4 d5 3. e3 Nf6 4. Nc3 g6 5. cxd5 cxd5 6. Bd3 Bg7 7. Nf3 O-O 8. Qc2
Nc6 9. a3 e6 10. O-O Bd7 11. Bd2 Rc8 12. Rac1 a6 13. Qb1 b5 14. Na2 Re8 15. Nb4
Nxb4 16. Bxb4 Bc6 17. Ne5 Bb7 18. Rxc8 Qxc8 19. Rc1 Qb8 20. Nc6 Bxc6 21. Rxc6
Qa8 22. Qc2 Bf8 23. Bd2 Kg7 24. a4 Rb8 25. g3 Ne8 26. axb5 axb5 27. Kg2 Nd6 28.
Rc3 Nc4 29. Rb3 Nxd2 30. Qxd2 b4 31. Be2 Rc8 32. Qd3 Rc1 33. Bf3 Qa1 34. e4
Rg1+ 35. Kh3 Qc1 36. Qe3 Qf1+ 37. Kg4 h5+ 38. Kf4 Bd6+ 39. e5 Be7 40. Rd3 g5#
0-1

[Event "Frankfurt Ch A 2018"]
[Site "Ffm-Höchst, BiKuZ"]
[Date "2018.05.07"]
[Round "2.46"]
[White "Dohmes, Swidbert"]
[Black "Wagner, Günter"]
[Result "1/2-1/2"]
[WhiteElo "1685"]
[BlackElo "1687"]
[PlyCount "35"]
[EventDate "2018.??.??"]
[WhiteTeam "SV Hofheim"]
[BlackTeam "SV Groß-Gerau"]

1. Nf3 d5 2. c4 Nf6 3. g3 g6 4. Bg2 Bg7 5. O-O O-O 6. d3 Nbd7 7. Nbd2 c6 8. Rb1
e5 9. b3 Re8 10. cxd5 cxd5 11. e3 b6 12. b4 Ba6 13. b5 Bb7 14. d4 Ne4 15. Bb2
Nxd2 16. Nxd2 exd4 17. Bxd4 Bxd4 18. exd4 1/2-1/2

[Event "Frankfurt Ch A 2018"]
[Site "Ffm-Höchst, BiKuZ"]
[Date "2018.05.07"]
[Round "2.47"]
[White "Muthig, Holger"]
[Black "Steiz, Johann"]
[Result "1/2-1/2"]
[WhiteElo "1512"]
[BlackElo "1681"]
[PlyCount "85"]
[EventDate "2018.??.??"]
[WhiteTeam "vereinslos"]
[BlackTeam "SV Dormagen"]

1. d4 Nf6 2. c4 e6 3. Nc3 d5 4. Nf3 Nbd7 5. Bf4 c6 6. e3 Bb4 7. Qb3 Qa5 8. Nd2
O-O 9. Rc1 c5 10. a3 Bxc3 11. bxc3 Re8 12. Bd3 e5 13. dxe5 Nxe5 14. Be2 dxc4
15. Nxc4 Nxc4 16. Bxc4 Be6 17. Bxe6 fxe6 18. O-O b5 19. Bd6 Qb6 20. Rfd1 Rad8
21. Be5 Ne4 22. a4 a6 23. axb5 axb5 24. Qc2 Nd6 25. Bxd6 Rxd6 26. Rxd6 Qxd6 27.
Ra1 Rd8 28. g3 c4 29. Qe4 Qd5 30. Qd4 e5 31. Qg4 e4 32. Kg2 Qe5 33. Ra6 Qxc3
34. Qe6+ Kh8 35. Qxe4 Qd3 36. Qe7 Qd5+ 37. e4 Qd4 38. Re6 h6 39. e5 Qd5+ 40.
Kh3 Qd7 41. Qxd7 Rxd7 42. Rc6 Kg8 43. Kg2 1/2-1/2

[Event "Frankfurt Ch A 2018"]
[Site "Ffm-Höchst, BiKuZ"]
[Date "2018.05.07"]
[Round "2.48"]
[White "Viol, Julius"]
[Black "Gade, Bernt"]
[Result "1-0"]
[WhiteElo "1675"]
[BlackElo "1495"]
[PlyCount "79"]
[EventDate "2018.??.??"]
[WhiteTeam "FC Bierstadt"]
[BlackTeam "Berkershm"]

1. Nf3 Nf6 2. d4 d5 3. c4 dxc4 4. e3 e6 5. Bxc4 c5 6. O-O a6 7. a4 cxd4 8. exd4
Be7 9. Qe2 O-O 10. Rd1 Nbd7 11. Nc3 Nb6 12. Ba2 Nbd5 13. Bg5 b6 14. Nxd5 exd5
15. Ne5 Bb7 16. Rac1 h6 17. Bh4 g5 18. Bg3 Rc8 19. Bb1 Ne4 20. Qh5 Kg7 21. Ng4
Rh8 22. Ne5 Qe8 23. Rxc8 Bxc8 24. Bxe4 dxe4 25. Rc1 Be6 26. Nc6 Bf6 27. Qe2 Qc8
28. Rc3 Qa8 29. Qxe4 Rc8 30. Be5 Bxe5 31. Qxe5+ Kh7 32. d5 Bd7 33. Qe7 Re8 34.
Qxf7+ Kh8 35. Qf6+ Kh7 36. Re3 Rxe3 37. fxe3 Qg8 38. Ne5 Bxa4 39. Qf5+ Kh8 40.
Qg6 $138 1-0

[Event "Frankfurt Ch A 2018"]
[Site "Ffm-Höchst, BiKuZ"]
[Date "2018.05.07"]
[Round "2.49"]
[White "Friedel, Thomas"]
[Black "Merten, Rainer"]
[Result "0-1"]
[WhiteElo "1496"]
[BlackElo "1670"]
[PlyCount "106"]
[EventDate "2018.??.??"]
[WhiteTeam "SV Groß-Gerau"]
[BlackTeam "SV Frankfurt Nord"]

1. e4 c5 2. Nf3 Nc6 3. Bb5 e6 4. Nc3 Be7 5. O-O Qc7 6. d3 a6 7. Bxc6 Qxc6 8.
Bf4 d6 9. Re1 b5 10. b3 e5 11. Bg3 Nf6 12. h3 O-O 13. Rb1 Be6 14. Ng5 h6 15.
Nf3 Bd8 16. Qc1 Ba5 17. Qb2 Rac8 18. Re2 Nh5 19. Bh2 c4 20. dxc4 bxc4 21. b4
Rb8 22. a3 Nf6 23. Rd1 Rfd8 24. Qa1 Bc7 25. Kh1 g5 26. Qc1 Nh7 27. Ng1 Rf8 28.
Qe3 Bb6 29. Qf3 Bd4 30. Red2 Rbd8 31. Nge2 Bb6 32. Nd5 Bxd5 33. Rxd5 Bc7 34.
Ng3 Rfe8 35. Nf5 Re6 36. Qh5 Qe8 37. Nxh6+ Kg7 38. Nf5+ Kh8 39. Qe2 Nf6 40.
R5d2 Qc6 41. Nh6 Kg7 42. Ng4 Nxe4 43. Nxe5 Nxd2 44. Nxc6 Rxe2 45. Nxd8 Bxd8 46.
Bxd6 Bf6 47. Bc5 Ne4 48. f3 Nf2+ 49. Bxf2 Rxf2 50. Rd6 Rxc2 51. Rxa6 Rb2 52.
Rc6 c3 53. g3 Rb1+ 0-1

[Event "Frankfurt Ch A 2018"]
[Site "Ffm-Höchst, BiKuZ"]
[Date "2018.05.07"]
[Round "2.50"]
[White "Senatov, Boris"]
[Black "Wich, Manuela"]
[Result "1-0"]
[WhiteElo "1667"]
[BlackElo "1469"]
[PlyCount "79"]
[EventDate "2018.??.??"]
[WhiteTeam "SC Heusenstamm"]
[BlackTeam "Niederräder TG"]

1. e4 e6 2. d4 d5 3. Nc3 dxe4 4. Nxe4 Nd7 5. Nf3 Ngf6 6. Bd3 Nxe4 7. Bxe4 Nf6
8. Bd3 b6 9. O-O Be7 10. Re1 O-O 11. Bg5 Bb7 12. c3 a5 13. Bc2 Bxf3 14. Qxf3
Qd5 15. Qe3 Qd7 16. Qd3 g6 17. a4 Rfd8 18. Rad1 Ng4 19. Bc1 Qc8 20. Qf3 Nf6 21.
c4 Kg7 22. b3 Rb8 23. Bb2 Rd7 24. d5 exd5 25. Rxe7 Rd6 26. Rxd5 Re6 27. Rxe6
Qxe6 28. g4 c6 29. Qxf6+ Qxf6 30. Bxf6+ Kxf6 31. Rd6+ Kg5 32. h3 Kh4 33. Kg2 h5
34. gxh5 gxh5 35. Rxc6 Rg8+ 36. Kh2 Rb8 37. Rf6 Rb7 38. Be4 Kg5 39. Rf5+ Kh4
40. Bf3 1-0

[Event "Frankfurt Ch A 2018"]
[Site "Ffm-Höchst, BiKuZ"]
[Date "2018.05.07"]
[Round "2.51"]
[White "Bernhardt, Winfried"]
[Black "Krischak, Werner"]
[Result "0-1"]
[WhiteElo "1463"]
[BlackElo "1649"]
[PlyCount "72"]
[EventDate "2018.??.??"]
[WhiteTeam "SV Nauheim"]
[BlackTeam "SK Marburg"]

1. e4 c6 2. Nf3 d5 3. exd5 cxd5 4. Bb5+ Nc6 5. Ne5 Bd7 6. Nxd7 Qxd7 7. O-O Nf6
8. Nc3 e6 9. a3 Bd6 10. d4 h6 11. Re1 O-O 12. Qd3 Qc7 13. g3 a6 14. Bxc6 bxc6
15. b4 a5 16. b5 a4 17. bxc6 Qxc6 18. Bd2 Rab8 19. Reb1 e5 20. Nb5 e4 21. Qc3
Qd7 22. Nxd6 Qxd6 23. Qc5 Qd7 24. Rxb8 Rxb8 25. Bb4 Rc8 26. Qd6 Qh3 27. g4
Qxg4+ 28. Qg3 Rxc2 29. Be7 Qxg3+ 30. hxg3 Ng4 31. Rf1 f6 32. Bc5 Rd2 33. Rb1
Rxf2 34. Rb4 e3 35. Rxa4 Nh2 36. Bb4 Nf3+ 0-1

[Event "Frankfurt Ch A 2018"]
[Site "Ffm-Höchst, BiKuZ"]
[Date "2018.05.07"]
[Round "2.54"]
[White "Stricker, Konstantin"]
[Black "Schneider, Till"]
[Result "1/2-1/2"]
[WhiteElo "1645"]
[BlackElo "1371"]
[PlyCount "49"]
[EventDate "2018.??.??"]
[WhiteTeam "SC Eschbach"]
[BlackTeam "SC Nied"]

1. d3 d5 2. g3 f5 3. Bg2 Nf6 4. Nf3 e6 5. O-O Bd6 6. c4 c6 7. Nc3 O-O 8. a3 a5
9. Re1 Qc7 10. Qc2 f4 11. e3 fxg3 12. fxg3 e5 13. e4 d4 14. Na2 Na6 15. Bd2 Bg4
16. Rf1 Qb6 17. Rab1 Nxe4 18. Bxa5 Qxa5 19. dxe4 Bc5 20. Qd3 Ba7 21. Kh1 Bxf3
22. Rxf3 Rxf3 23. Bxf3 Rf8 24. b4 Qd8 25. Kg2 1/2-1/2

[Event "Frankfurt Ch A 2018"]
[Site "Ffm-Höchst, BiKuZ"]
[Date "2018.05.07"]
[Round "2.55"]
[White "Ketting, Douwe"]
[Black "Mühlbach, Christian"]
[Result "1/2-1/2"]
[WhiteElo "1387"]
[BlackElo "1641"]
[PlyCount "91"]
[EventDate "2018.??.??"]
[WhiteTeam "SC Somborn"]
[BlackTeam "SK Langen"]

1. b4 d5 2. Bb2 Nf6 3. e3 Bf5 4. c4 e6 5. a3 c6 6. Nf3 Bd6 7. d4 Nbd7 8. Be2
Ne4 9. cxd5 exd5 10. Nbd2 Ndf6 11. O-O O-O 12. Nb3 Re8 13. Rc1 Qe7 14. Bd3 Rad8
15. Qc2 h6 16. h3 Nh7 17. Nc5 Nhg5 18. Nxg5 Qxg5 19. f4 Qe7 20. Nxe4 Bxe4 21.
Bxe4 dxe4 22. Qc3 Qf6 23. Qb3 Qe6 24. Qc3 Bf8 25. Rc2 Rd5 26. Qe1 a6 27. g4 Bd6
28. Rg2 Bc7 29. Qg3 Qd6 30. Qf2 a5 31. Bc3 Ra8 32. Qc2 Qe7 33. Be1 Bd6 34. Qc4
axb4 35. axb4 Ra3 36. Qc1 Bxb4 37. Bxb4 Qxb4 38. Rb2 Qe7 39. Rxb7 Qxb7 40. Qxa3
Rb5 41. Qc1 Rb2 42. Re1 g6 43. Kh1 Qb3 44. Qxc6 Qa2 45. Qe8+ Kg7 46. Qe5+
1/2-1/2

[Event "Frankfurt Ch A 2018"]
[Site "Ffm-Höchst, BiKuZ"]
[Date "2018.05.07"]
[Round "2.56"]
[White "Balzereit, Georg"]
[Black "Stulken, Dietmar"]
[Result "1-0"]
[WhiteElo "1631"]
[BlackElo "1328"]
[PlyCount "77"]
[EventDate "2018.??.??"]
[WhiteTeam "vereinslos"]
[BlackTeam "SF Frankfurt"]

1. e4 e5 2. Nf3 Nc6 3. Bc4 Nf6 4. Ng5 d5 5. exd5 Na5 6. Bb5+ c6 7. dxc6 bxc6 8.
Be2 h6 9. Nh3 Bd6 10. d3 O-O 11. Nc3 Nb7 12. Be3 Nd5 13. Bd2 Qc7 14. Ne4 Be7
15. Ng3 Nd6 16. Bg4 f5 17. Bh5 g5 18. Be2 Rb8 19. b3 Bf6 20. c4 Nf4 21. Kf1
Nxe2 22. Qxe2 e4 23. Re1 exd3 24. Qxd3 Bg7 25. Ng1 Bd7 26. h4 g4 27. Nh5 Ne4
28. Nxg7 Kxg7 29. Bc1 Kh7 30. Ne2 Qd6 31. Qxd6 Nxd6 32. Rd1 Rf6 33. Bf4 Re8 34.
Rxd6 Rxd6 35. Bxd6 h5 36. Nf4 Kh6 37. g3 Bc8 38. c5 Ba6+ 39. Kg2 1-0

[Event "Frankfurt Ch A 2018"]
[Site "Ffm-Höchst, BiKuZ"]
[Date "2018.05.07"]
[Round "2.57"]
[White "Mongi, Mario"]
[Black "Münstermann, Matthias"]
[Result "1/2-1/2"]
[WhiteElo "1357"]
[BlackElo "1623"]
[PlyCount "89"]
[EventDate "2018.??.??"]
[WhiteTeam "SC Sulzbach"]
[BlackTeam "SK Langen"]

1. c4 e5 2. g3 Nf6 3. Bg2 Nc6 4. Nc3 Bb4 5. Nf3 O-O 6. O-O d6 7. d3 Bf5 8. h3
h6 9. a3 Bxc3 10. bxc3 e4 11. Nd4 Nxd4 12. cxd4 exd3 13. exd3 Rb8 14. Be3 Re8
15. Re1 d5 16. cxd5 Nxd5 17. Qf3 Nxe3 18. Rxe3 Qxd4 19. Rc1 Rxe3 20. fxe3 Qd7
21. Qf4 Rd8 22. Rxc7 Qxd3 23. Rxb7 a6 24. Kh2 Be6 25. a4 Qd2 26. e4 Qa2 27. Rb8
Rxb8 28. Qxb8+ Kh7 29. Qb4 Bb3 30. a5 Bc4 31. Qe1 Qe2 32. Qxe2 Bxe2 33. Kg1 Kg6
34. Kf2 Bb5 35. Ke3 Kf6 36. Kf4 g5+ 37. Kg4 Be2+ 38. Bf3 Bxf3+ 39. Kxf3 h5 40.
Ke3 Ke5 41. Kd3 f6 42. Ke3 f5 43. exf5 Kxf5 44. Kd4 h4 45. gxh4 1/2-1/2

[Event "Frankfurt Ch A 2018"]
[Site "Ffm-Höchst, BiKuZ"]
[Date "2018.05.07"]
[Round "2.59"]
[White "Hedrich, Gerd"]
[Black "Björknes, Uwe"]
[Result "1/2-1/2"]
[WhiteElo "1284"]
[BlackElo "1616"]
[PlyCount "50"]
[EventDate "2018.??.??"]
[WhiteTeam "Wiesbadener SV"]
[BlackTeam "SK Bad Homburg"]

1. Nf3 c5 2. e4 e6 3. c3 Qc7 4. d4 d6 5. Bf4 Qb6 6. Qc2 d5 7. Nbd2 Nc6 8. exd5
exd5 9. Be3 c4 10. Be2 Nge7 11. Nh4 g6 12. O-O Nf5 13. Nxf5 Bxf5 14. Qc1 h5 15.
Nxc4 dxc4 16. d5 Qb5 17. dxc6 Qxc6 18. Bd4 Bh6 19. Be3 Bg7 20. Bg5 O-O 21. Bh6
Rfe8 22. Bf3 Qb5 23. Bxg7 Kxg7 24. a4 Qa6 25. Re1 Bd3 1/2-1/2

[Event "Frankfurt Ch A 2018"]
[Site "Ffm-Höchst, BiKuZ"]
[Date "2018.05.07"]
[Round "2.60"]
[White "Nutolo, Dominique"]
[Black "Moritz, Dennis"]
[Result "0-1"]
[WhiteElo "1139"]
[BlackElo "1611"]
[PlyCount "76"]
[EventDate "2018.??.??"]
[WhiteTeam "SF Frankfurt"]
[BlackTeam "SK Hungen"]

1. e4 e6 2. d4 d5 3. e5 c5 4. c3 Nc6 5. Nf3 b6 6. Bf4 Nge7 7. Bd3 Ng6 8. Bg3
Be7 9. O-O Bd7 10. Nbd2 Rc8 11. Re1 cxd4 12. cxd4 Nb4 13. Nb3 Nxd3 14. Qxd3 O-O
15. Rac1 Rxc1 16. Rxc1 Qb8 17. Qc2 Rc8 18. Qd1 a5 19. Rxc8+ Qxc8 20. Qc1 a4 21.
Qxc8+ Bxc8 22. Nc1 Ba6 23. a3 h5 24. h3 Bc4 25. Kh1 b5 26. Kg1 Kf8 27. Ne1 Bg5
28. Ncd3 Bd2 29. f4 Ke7 30. Kf2 Kd7 31. Nb4 h4 32. Bh2 Nxf4 33. Nf3 Bc1 34.
Bxf4 Bxf4 35. Ke1 Bg3+ 36. Kd1 Bf1 37. Ng1 Bf2 38. Ne2 Bxg2 0-1

[Event "Frankfurt Ch B 2018"]
[Site "Ffm-Höchst, BiKuZ"]
[Date "2018.05.07"]
[Round "2.1"]
[White "Pessotschinski, Eduard"]
[Black "Krehl, Collin"]
[Result "0-1"]
[WhiteElo "1312"]
[BlackElo "1462"]
[PlyCount "56"]
[EventDate "2018.??.??"]
[WhiteTeam "TuS Makkabi"]
[BlackTeam "SV Kelsterbach"]

1. e4 c5 2. Nf3 Nc6 3. Nc3 g6 4. Bc4 e6 5. d4 cxd4 6. Nxd4 Bg7 7. Be3 Nge7 8.
O-O O-O 9. Qd2 f5 10. Nxc6 bxc6 11. Bh6 fxe4 12. Bxg7 Kxg7 13. Qd4+ Kg8 14.
Nxe4 Nf5 15. Qc5 d5 16. Rfd1 Qb6 17. g4 Ng7 18. Qe7 dxe4 19. Rd2 e3 20. Re2
exf2+ 21. Kf1 c5 22. Rxf2 Rxf2+ 23. Kxf2 Ba6 24. b3 Bxc4 25. bxc4 Rf8+ 26. Kg1
Qb2 27. Rd1 Qxc2 28. Rd7 Qf2+ 0-1

[Event "Frankfurt Ch B 2018"]
[Site "Ffm-Höchst, BiKuZ"]
[Date "2018.05.07"]
[Round "2.2"]
[White "Falk, Aniko Tim"]
[Black "Goodwin, David"]
[Result "0-1"]
[WhiteElo "1293"]
[BlackElo "1371"]
[PlyCount "76"]
[EventDate "2018.??.??"]
[WhiteTeam "SK Hungen"]
[BlackTeam "SV Kelsterbach"]

1. e4 g6 2. d4 Bg7 3. Nf3 d6 4. b3 a6 5. Bb2 c5 6. Nbd2 Nd7 7. Bc4 Nb6 8. O-O
Nxc4 9. Nxc4 b5 10. Ne3 Bb7 11. e5 cxd4 12. Bxd4 Bxf3 13. Qxf3 dxe5 14. Qc6+
Kf8 15. Bb6 Qc8 16. Qd5 Nf6 17. Qd2 Bh6 18. Rad1 Kg7 19. h3 Qe6 20. Ba5 Rhc8
21. g4 Bf4 22. Qe2 e4 23. f3 Bxe3+ 24. Qxe3 Rxc2 25. Rd2 Rac8 26. Rff2 Rc1+ 27.
Kh2 Qe5+ 28. f4 Qa1 29. g5 Rh1+ 30. Kg3 Nh5+ 31. Kh4 Rg1 32. Qxe4 Ng3 33. Qe5+
Qxe5 34. fxe5 Nf5+ 35. Rxf5 gxf5 36. Kh5 Rc6 37. Bb4 Re6 38. Rd7 h6 0-1

[Event "Frankfurt Ch B 2018"]
[Site "Ffm-Höchst, BiKuZ"]
[Date "2018.05.07"]
[Round "2.3"]
[White "Lessmann, Sven"]
[Black "Giebitz, Walter"]
[Result "1-0"]
[WhiteElo "1368"]
[BlackElo "1270"]
[PlyCount "31"]
[EventDate "2018.??.??"]
[WhiteTeam "SC Bad Soden"]
[BlackTeam "SC Steinbach"]

1. d4 d5 2. c4 e6 3. Nc3 Nf6 4. Nf3 Nc6 5. Bg5 Be7 6. e3 O-O 7. Be2 h6 8. Bh4
Nh7 9. Bxe7 Nxe7 10. O-O Nf5 11. Bd3 c6 12. Qc2 g6 13. Ne5 Qf6 14. Ne2 Ng5 15.
Ng4 Kg7 16. Nxf6 1-0

[Event "Frankfurt Ch B 2018"]
[Site "Ffm-Höchst, BiKuZ"]
[Date "2018.05.07"]
[Round "2.4"]
[White "Nebel, Marcel"]
[Black "Mayer, Rolf"]
[Result "0-1"]
[WhiteElo "1254"]
[BlackElo "1361"]
[PlyCount "96"]
[EventDate "2018.??.??"]
[WhiteTeam "Berkershm"]
[BlackTeam "SC Flörsheim"]

1. d4 Nf6 2. c4 g6 3. Nf3 Bg7 4. Bg5 d6 5. Nc3 h6 6. Bd2 c6 7. e4 Bg4 8. Be2
Nbd7 9. O-O O-O 10. Re1 e5 11. d5 cxd5 12. cxd5 Nc5 13. Qc2 Rc8 14. h3 Bxf3 15.
Bxf3 Nh7 16. Bg4 Ra8 17. b4 Nd7 18. Nb5 Ndf6 19. Be2 a6 20. Na3 Rc8 21. Qd3 Nd7
22. Be3 f5 23. f3 f4 24. Bf2 Bf6 25. Rac1 Bh4 26. Rxc8 Bxf2+ 27. Kxf2 Qxc8 28.
b5 Qc5+ 29. Kf1 axb5 30. Nxb5 Nhf6 31. Qb1 Nh5 32. Rc1 Qe3 33. Nc3 Nc5 34. Qc2
Ra8 35. Nd1 Ng3+ 36. Ke1 Qg1+ 37. Kd2 Qxg2 38. Nc3 Qf2 39. Re1 Ra3 40. Kd1 Qd4+
41. Qd2 Qxc3 42. Qxc3 Rxc3 43. Kd2 Ra3 44. Bc4 Rxf3 45. Rb1 Ngxe4+ 46. Ke1 Rxh3
47. Rb5 Rh1+ 48. Ke2 Nc3+ 0-1

[Event "Frankfurt Ch B 2018"]
[Site "Ffm-Höchst, BiKuZ"]
[Date "2018.05.07"]
[Round "2.5"]
[White "Brand, Achim"]
[Black "Thaler, Regina"]
[Result "1-0"]
[WhiteElo "1343"]
[BlackElo "1097"]
[PlyCount "135"]
[EventDate "2018.??.??"]
[WhiteTeam "SVG Echzell"]
[BlackTeam "SK Bad Homburg"]

1. e4 d6 2. d4 c5 3. d5 e6 4. c4 h6 5. Nf3 Nf6 6. Nc3 g6 7. Be2 Bg7 8. Rb1 b6
9. h3 Bb7 10. Bf4 a6 11. e5 Nh5 12. Bh2 exd5 13. g4 d4 14. Nd5 Bxd5 15. cxd5
dxe5 16. Qa4+ Qd7 17. Qxd7+ Nxd7 18. gxh5 gxh5 19. Nh4 O-O-O 20. Bxa6+ Kc7 21.
Nf5 Bf8 22. Bb5 f6 23. b4 Rg8 24. Bc4 Rg5 25. Ng3 f5 26. b5 h4 27. Ne2 Bd6 28.
f4 Rg7 29. fxe5 Nxe5 30. Bxe5 Bxe5 31. Rf1 Rg5 32. Nf4 Bxf4 33. Rb3 Bg3+ 34.
Kd1 Re8 35. Ra3 Bd6 36. Ra7+ Kd8 37. a4 Re7 38. Ra8+ Kd7 39. a5 bxa5 40. Rxa5
Ke8 41. Ra6 Rd7 42. b6 Rb7 43. Bb5+ Kf8 44. Bc6 Rb8 45. b7 Kf7 46. Re1 Rgg8 47.
Re6 Rgd8 48. Rxh6 f4 49. Rxh4 Kf6 50. Ra2 Rg8 51. Re2 Kg5 52. Rg4+ Kf6 53. Re6+
Kf5 54. Rxd6 f3 55. Ke1 d3 56. Rd7 Rge8+ 57. Kd2 Ke5 58. Rg1 Kd4 59. Rg4+ Re4
60. Rxe4+ Kxe4 61. Rf7 c4 62. d6+ Kd4 63. Rf4+ Kc5 64. Bxf3 Rd8 65. Rf6 Kd4 66.
Rf4+ Kc5 67. Kc3 Kxd6 68. Rd4+ 1-0

[Event "Frankfurt Ch B 2018"]
[Site "Ffm-Höchst, BiKuZ"]
[Date "2018.05.07"]
[Round "2.6"]
[White "Pessotschinski, Lars"]
[Black "Arnold, Aaron"]
[Result "0-1"]
[WhiteElo "1251"]
[BlackElo "1339"]
[PlyCount "64"]
[EventDate "2018.??.??"]
[WhiteTeam "TuS Makkabi"]
[BlackTeam "SC Frankfurt-West"]

1. e4 b6 2. Nf3 Bb7 3. Nc3 e6 4. d4 Bb4 5. Bd3 Nf6 6. Qe2 h6 7. Bd2 O-O 8. a3
Bxc3 9. Bxc3 a5 10. O-O Ba6 11. b4 Bxd3 12. Qxd3 d5 13. exd5 Nxd5 14. Bd2 axb4
15. axb4 Nc6 16. b5 Ncb4 17. Bxb4 Nxb4 18. Qb3 Nd5 19. Ne5 Nf4 20. Qe3 Qg5 21.
Qf3 Rad8 22. Nc6 Rd5 23. c4 Rf5 24. Qg3 Ne2+ 25. Kh1 Nxg3+ 26. hxg3 Qf6 27. Kg1
h5 28. Ne5 Rxe5 29. dxe5 Qxe5 30. Ra7 Qc5 31. Rc1 Rd8 32. Kh1 Rd2 0-1

[Event "Frankfurt Ch B 2018"]
[Site "Ffm-Höchst, BiKuZ"]
[Date "2018.05.07"]
[Round "2.8"]
[White "Häfner, Günther"]
[Black "Arnold, Jan"]
[Result "1/2-1/2"]
[WhiteElo "1100"]
[BlackElo "1318"]
[PlyCount "93"]
[EventDate "2018.??.??"]
[WhiteTeam "Berkershm"]
[BlackTeam "SC Frankfurt-West"]

1. e4 c5 2. Nf3 Nc6 3. d4 cxd4 4. Nxd4 g6 5. Be3 Bg7 6. Nc3 Nf6 7. Qd2 O-O 8.
Be2 d5 9. exd5 Nxd5 10. Nxc6 bxc6 11. Bd4 Nxc3 12. bxc3 Re8 13. Bxg7 Qxd2+ 14.
Kxd2 Kxg7 15. Rab1 Be6 16. a3 Bd5 17. f3 Rad8 18. Ke3 e5 19. Kf2 c5 20. Rhd1
Bc6 21. Rxd8 Rxd8 22. Rd1 Rxd1 23. Bxd1 f5 24. g4 f4 25. Ke2 c4 26. Kf2 Kf6 27.
h4 Ke6 28. Be2 Kd5 29. Ke1 Kc5 30. Kd1 Kb5 31. Kc1 Bd5 32. Kb2 e4 33. fxe4 Bxe4
34. g5 f3 35. Bf1 Bd5 36. Kc1 Kc5 37. Kd2 Kd6 38. Ke3 Ke5 39. Bh3 Be4 40. Bf1
Bd5 41. Bh3 a6 42. Bg4 f2 43. Kxf2 Kf4 44. Be2 a5 45. Bd1 Be6 46. Be2 Ke4 47.
Bf3+ 1/2-1/2

[Event "Frankfurt Ch B 2018"]
[Site "Ffm-Höchst, BiKuZ"]
[Date "2018.05.07"]
[Round "2.10"]
[White "Brendel, Lutz"]
[Black "Kattenbusch, Sebastian"]
[Result "0-1"]
[WhiteElo "1450"]
[BlackElo "1211"]
[PlyCount "40"]
[EventDate "2018.??.??"]
[WhiteTeam "Schach AG des FDG"]
[BlackTeam "SF Friedberg"]

1. g4 d5 2. Bg2 Be6 3. g5 Nc6 4. d4 Bf5 5. Bf4 e6 6. c3 Be7 7. h4 h6 8. Qd2 f6
9. Nh3 e5 10. dxe5 fxe5 11. Be3 e4 12. f4 Qd7 13. b4 a6 14. Qb2 O-O-O 15. a4 d4
16. cxd4 Nxd4 17. Nc3 Bxb4 18. O-O-O c5 19. Nxe4 Qxa4 20. Nc3 Nb3+ 0-1